Emperor Harsha: (Record no. 185325)

MARC details
000 -LEADER
fixed length control field 00578nam a22001817a 4500
005 - DATE AND TIME OF LATEST TRANSACTION
control field 20220202103038.0
010 ## - LCCN (DPL NO)
LC control number ENG-131357
020 ## - INTERNATIONAL STANDARD BOOK NUMBER
International Standard Book Number 9789350095669
Terms of availability 399.00
035 ## - SYSTEM CONTROL NUMBER
System control number EN-114889
037 ## - SOURCE OF ACQUISITION
Source of stock number/acquisition DBAD
082 ## - DEWEY DECIMAL CLASSIFICATION NUMBER
Classification number S
100 ## - MAIN ENTRY--PERSONAL NAME
Personal name Kay, Adity
245 ## - TITLE STATEMENT
Title Emperor Harsha:
Remainder of title Can A Righteous King Win Against Foes Who Play Foul?/
Statement of responsibility, etc Adity Kay
260 ## - PUBLICATION, DISTRIBUTION, ETC. (IMPRINT)
Place of publication, distribution, etc Gurugram
Name of publisher, distributor, etc Hachette Book Publishing India Pvt. Ltd
Date of publication, distribution, etc 2020
270 ## - ADDRESS
City Gurugram
Address 4th & 5th Floors, Corporate Centre, Plot No. 94, Sector 44
Postal code 122003
300 ## - PHYSICAL DESCRIPTION
Extent ix, 353p.
Dimensions 20cm(pbk)
942 ## - ADDED ENTRY ELEMENTS (KOHA)
Source of classification or shelving scheme Dewey Decimal Classification
Item type English Books
Classification part S
Call number suffix KAY
Holdings
Withdrawn status Lost status Not for loan Collection code Home library Current library Date acquired Source of acquisition Cost, normal purchase price Full call number Barcode Copy number Cost, replacement price Koha item type
      Fiction Bawana Bawana 02/02/2022 DBAD/PUB 399.00 S KAY EN-114889 1 399.00 English Books

© Delhi Public Library
Hit Counter
free hit counter